| 000 | 00440nam a22001697a 4500 | ||
|---|---|---|---|
| 005 | 20180703123845.0 | ||
| 008 | 160611b xxu||||| |||| 00| 0 eng d | ||
| 020 | _a9780070486607 | ||
| 041 | _aeng | ||
| 082 |
_b6894 _a658.11 |
||
| 100 |
_aHisrich, Robert D and others _94440 |
||
| 245 | _aEntreprenourship | ||
| 260 |
_aNEW DELHI _bTATA MCGRAW HILL PUBLISHING COMPANY LTD. |
||
| 300 | _a648p, | ||
| 650 |
_aManagement _9241 |
||
| 942 | _cBK | ||
| 999 |
_c2399 _d2398 |
||